Ускоренный метод определения влажности твердых горючих ископаемых; Известия Томского политехнического института [Известия ТПИ]; Т. 167

ग्रंथसूची विवरण
Parent link:Известия Томского политехнического института [Известия ТПИ]/ Томский политехнический институт (ТПИ).— , 1944-1976
Т. 167.— 1967.— [С. 114-117]
मुख्य लेखक: Смольянинов С. И. Станислав Иванович
अन्य लेखक: Пономарев В. Н., Макаренко В. И.
सारांश:Заглавие с титульного листа
Электронная версия печатной публикации
भाषा:रूसी
प्रकाशित: 1967
विषय:
ऑनलाइन पहुंच:Черно-белая версия для предварительного просмотра
Цветная версия без потери качества
स्वरूप: इलेक्ट्रोनिक पुस्तक अध्याय
KOHA link:https://koha.lib.tpu.ru/cgi-bin/koha/opac-detail.pl?biblionumber=212599

MARC

LEADER 00000nla2a2200000 4500
001 212599
005 20231031192927.0
035 |a (RuTPU)RU\TPU\book\232265 
035 |a RU\TPU\book\232263 
090 |a 212599 
100 |a 20120328d1967 k y0rusy50 ca 
101 0 |a rus 
102 |a RU 
135 |a drnn ---uucaa 
181 0 |a i  
182 0 |a b 
200 1 |a Ускоренный метод определения влажности твердых горючих ископаемых  |b Электронный ресурс  |f С. И. Смольянинов, В. Н. Пономарев, В. И. Макаренко 
203 |a Текст  |c электронный 
215 |a 2 файла (204 Кб, 6.9 Мб) 
230 |a Электронные текстовые данные (2 файла : 204 Кб, 6.9 Мб) 
300 |a Заглавие с титульного листа 
300 |a Электронная версия печатной публикации 
337 |a Adobe Reader 
461 1 |0 (RuTPU)RU\TPU\book\200995  |t Известия Томского политехнического института [Известия ТПИ]  |f Томский политехнический институт (ТПИ)  |d 1944-1976 
463 1 |0 (RuTPU)RU\TPU\book\232198  |t Т. 167  |o сборник научных работ аспирантов геологоразведочного и химико-технологического факультетов  |v [С. 114-117]  |d 1967  |p 120 с. 
610 1 |a электронный ресурс 
610 1 |a труды учёных ТПУ 
700 1 |a Смольянинов  |b С. И.  |c российский химик-технолог  |c профессор Томского политехнического университета  |f 1925-1991  |g Станислав Иванович  |2 stltpush  |3 (RuTPU)RU\TPU\pers\15849 
701 1 |a Пономарев  |b В. Н. 
701 1 |a Макаренко  |b В. И. 
801 1 |a RU  |b 63413507  |c 20090320  |g PSBO 
801 2 |a RU  |b 63413507  |c 20120606  |g PSBO 
856 4 |u http://www.lib.tpu.ru/fulltext/v/Bulletin_TPU/1967/v167/26_bw.pdf  |z Черно-белая версия для предварительного просмотра 
856 4 |u http://www.lib.tpu.ru/fulltext/v/Bulletin_TPU/1967/v167/26_full.pdf  |z Цветная версия без потери качества 
942 |c CF